000 01011pam a2200277 a 4500
999 _c3606
_d3606
001 1614823
003 OSt
005 20191205164647.0
008 950314s1996 enka b 001 0 eng
010 _a 95013004
020 _a0521482178
040 _aDLC
_cDLC
_dDLC
050 0 0 _aQA845
_b.U39 1996
082 0 0 _a531
_220
_bUDW 1996
100 1 _aUdwadia, F. E.; Kalaba, Robert E.
_98047
245 1 0 _aAnalytical Dynamics:
_ba new approach
260 _aCambridge ;
_bCambridge University Press,
_c1996.
300 _ax, 262 p. :
_bill. ;
_c24 cm.
504 _aIncludes bibliographical references (p. 257-258) and index.
650 0 _aDynamics.
_94401
856 4 2 _3Publisher description
_uhttp://www.loc.gov/catdir/description/cam027/95013004.html
856 4 1 _3Table of contents
_uhttp://www.loc.gov/catdir/toc/cam025/95013004.html
906 _a7
_bcbc
_corignew
_d1
_eocip
_f19
_gy-gencatlg
942 _2ddc
_cSLOAN